Najczęściej zgadywane rzeki Polski - Statystyki

Ogólne statystyki
  • Ten quiz został rozwiązany 46 razy
  • Średni wynik to 11 z 15
Statystyki odpowiedzi
Procent Rzeka % Poprawnych
95% Odra
100%
97% Wisła
100%
88% Bug
97%
89% Warta
95%
79% Narew
85%
82% San
85%
76% Dunajec
77%
75% Nysa Łużycka
74%
72% Nysa Kłodzka
69%
77% Noteć
67%
70% Pilica
62%
77% Wieprz
62%
70% Bóbr
59%
66% Wisłok
51%
62% Brda
41%
Nie znaleziono quizów pasujących do podanych kryteriów
Rozkład punktacji
Procent ludzi z każdym wynikiem
Percentyl według liczby udzielonych odpowiedzi
Twoja historia wyników
Nie rozwiązałeś tego quizu